Education for all 2000-2015: Achievements and challenges summary

Salvato in:
Dettagli Bibliografici
Natura: Libro
Lingua:inglese
Pubblicazione: Paris UNESCO Publishing/United Nations Educational, Scientific and Cultural Organization 2015
Soggetti:
Tags: Aggiungi Tag
Nessun Tag, puoi essere il primo ad aggiungerne!!

MARC

LEADER 00000nam a2200000 4500
001 0201665
005 20240314122843.4
041 0 |a eng 
044 |a FR 
245 1 0 |a Education for all 2000-2015: Achievements and challenges  |b summary 
264 1 |a Paris  |b UNESCO Publishing/United Nations Educational, Scientific and Cultural Organization  |c 2015 
300 |a 52 s. 
610 2 0 |a vzdelávanie 
610 2 0 |a vyučovanie 
610 2 0 |a pedagogika 
610 2 0 |a učitelia 
610 2 0 |a deti 
610 2 0 |a dospelí 
610 2 0 |a doškoľovanie 
610 2 0 |a školy základné 
610 2 0 |a starostlivosť o deti 
610 2 0 |a krajiny rozvojové 
610 2 0 |a spolupráca medzinárodná 
610 2 0 |a dohody medzinárodné 
610 2 0 |a porovnanie medzinárodné 
610 2 0 |a gramotnosť 
610 2 0 |a negramotnosť 
610 2 0 |a politika vzdelávania 
610 2 0 |a kvalita vzdelávania 
610 2 0 |a financovanie 
610 2 0 |a údaje štatistické medzinárodné